<?xml version="1.0" encoding="UTF-8"?>
<record
    xmlns:xsi="http://www.w3.org/2001/XMLSchema-instance"
    xsi:schemaLocation="http://www.loc.gov/MARC21/slim http://www.loc.gov/standards/marcxml/schema/MARC21slim.xsd"
    xmlns="http://www.loc.gov/MARC21/slim">

  <leader>00469nam a2200133Ia 4500</leader>
  <controlfield tag="001">897</controlfield>
  <controlfield tag="008">241024s9999    xx            000 0 und d</controlfield>
  <datafield tag="082" ind1=" " ind2=" ">
    <subfield code="a">RD/004/R426t/14</subfield>
  </datafield>
  <datafield tag="100" ind1=" " ind2=" ">
    <subfield code="a">Rep&#xFA;blica Dominicana.Secretaria de Estado de Econom&#xED;a,Planificaci&#xF3;n y Desarrollo</subfield>
  </datafield>
  <datafield tag="245" ind1=" " ind2="0">
    <subfield code="a">T&#xE9;cnol&#xF3;gias de la Informaci&#xF3;n y Comunicaci&#xF3;n el la Rep&#xFA;blica Dominicana una primera aproximaci&#xF3;n</subfield>
  </datafield>
  <datafield tag="260" ind1=" " ind2=" ">
    <subfield code="b">Santo Domingo</subfield>
    <subfield code="c">2008</subfield>
  </datafield>
  <datafield tag="901" ind1=" " ind2=" ">
    <subfield code="a">8/12/2010 4:50:33 p.m.</subfield>
  </datafield>
  <datafield tag="999" ind1=" " ind2=" ">
    <subfield code="c">9986</subfield>
    <subfield code="d">9986</subfield>
  </datafield>
</record>
